Estadísticas para Símbolo Aleatorio a Elemento

Haz click aquí para intentar la prueba.

Estadísticas generales

  • Esta prueba ha sido intentada 4.776 veces
  • La puntuación promedio es 12 de 20

Estadísticas de respuestas

SímboloElemento% Correcto
HHidrógeno
92%
MgMagnesio
92%
AuOro
91%
KPotasio
91%
HeHelio
88%
AlAluminio
87%
ClCloro
87%
LiLitio
87%
BeBerilio
86%
ZnCinc
86%
NNitrógeno
86%
OOxígeno
86%
NaSodio
86%
PFosforo
85%
AgPlata
85%
BaBario
84%
CCarbono
84%
GaGalio
84%
FeHierro
84%
BBoro
83%
BrBromo
83%
CaCalcio
82%
CuCobre
82%
MnManganeso
82%
SiSilicio
82%
CoCobalto
81%
SAzufre
80%
CsCesio
80%
CrCromo
80%
NeNeón
79%
ArArgón
78%
NiNiquel
78%
PbPlomo
78%
XeXenón
78%
FFlúor
77%
RaRadio
77%
SeSelenio
77%
UUranio
77%
RbRubidio
74%
GeGermanio
73%
IYodo
73%
FrFrancio
71%
TiTitanio
71%
WWolframio
71%
CdCadmio
70%
KrKriptón
70%
HgMercurio
70%
BiBismuto
69%
PoPolonio
69%
SnEstaño
68%
PtPlatino
66%
InIndio
65%
AsArsenico
63%
SrEstroncio
63%
VVanadio
63%
TeTelurio
62%
PdPaladio
61%
SbAntimonio
58%
IrIridio
57%
YItrio
57%
OsOsmio
57%
RhRodio
56%
TaTántalo
56%
RnRadón
55%
TlTalio
53%
MoMolibdeno
52%
EuEuropio
50%
TcTecnecio
50%
AcActinio
49%
ScEscandio
49%
PuPlutonio
49%
ZrCirconio
47%
LaLantano
47%
OgOganesón
46%
BhBohrio
45%
CeCerio
45%
HfHafnio
45%
AtAstato
44%
ReRenio
44%
RfRutherfordio
44%
RuRutenio
43%
GdGadolinio
42%
MdMendelevio
41%
TbTerbio
41%
AmAmericio
40%
FlFlerovio
40%
NpNeptunio
40%
ThTorio
39%
SmSamario
38%
TsTéneso
38%
BkBerkelio
35%
EsEinstenio
35%
ErErbio
35%
YbIterbio
35%
CfCalifornio
34%
LrLawrencio
34%
NdNeodimio
34%
CnCopernicio
33%
DyDisprosio
33%
HsHassio
33%
LuLutecio
33%
MtMeitnerio
33%
NbNiobio
33%
PrPraseodimio
33%
RgRoentgenio
33%
CmCurio
32%
FmFermio
32%
LvLivermorio
32%
DbDubnio
30%
HoHolmio
30%
PmPrometio
29%
NoNobelio
28%
PaProtactinio
28%
TmTulio
28%
DsDarmstadtio
27%
SgSeaborgio
27%
McMoscovio
26%
NhNihonio
25%

Distribución de puntuación

Porcentaje por número respondido

Porcentaje de gente con cada puntuación

Historial de tus puntuaciones

No has intentado esta prueba.